000 00369nam a2200157Ia 4500
003 OSt
005 20240127115840.0
008 170523s9999 xx 000 0 und d
020 _a978-0132863773
040 _ciimt university meerut
100 _aMASSIE- JOSEPH L
245 0 _aESSENTIALS OF MANAGEMENT
260 _bNEW DELHI PHI
260 _c1995
942 _2ddc
_c02
999 _c104
_d104